000 00441nam a2200169 a 4500
001 0000-9019
003 ELIB.Books
008 110520 1950
035 _a(ELIB.Books)0000-9168
082 _a241.52
_bSle
100 _aSlemp, John Calvin
245 _aTwelve laws of life
260 _bChicago: The Judson Press
_c1950
650 _aDictionary of Christian Ethics
942 _2ddc
_cBK
998 _cbat
_e2011-05-20
999 _c9019
_d9019